005700000a22002170004500650001000000650001300010650002000023650001500043650001800058650001900076650000900095651001000104082002100114518001100135530000600146100002700152245006900179260008700248260000900335041000800344 aMusic aResearch aArchive records aCatalogues aTape services aTransparencies aText aNepal a781.97bR733ccN a940113 aM aRoss, Ann Helen, comp. aCatalogue of the Terence R. Bech Nepal Music Research Collection aIndianabArchives of Traditional Music Folklore Institute, Indiana University, USA c1978 aEng